| 000 | 00897cab a2200277 4500 | ||
|---|---|---|---|
| 001 | ABS54541 | ||
| 008 | 090401t1996 xxu||||| |||| 00| 0 eng d | ||
| 035 | _a(Sirsi) u11035 | ||
| 041 | _aeng | ||
| 245 | _aCombined operation: a beginner`s guide to pfi hospitals | ||
| 260 | _c1996 | ||
| 350 | _a0 | ||
| 490 |
_aBuilding _v261(7929) 23 February 1996, 40-45(6) |
||
| 520 | _aDiscusses use of the private finance initiative in the health service in the light of imminent signing of the first contract to build a public hospital with private money. | ||
| 650 | _aAMERSHAM HOSPITAL | ||
| 650 | _aBIDDING | ||
| 650 | _aHOSPITALS | ||
| 650 | _aNATIONAL HEALTH SERVICE | ||
| 650 | _aNHS | ||
| 650 | _aPFI | ||
| 650 | _aPRIVATE FINANCE INITIATIVE | ||
| 650 | _aSOUTH BUCKINGHAMSHIRE NHS TRUST | ||
| 690 | _aPROPERTY-PROPERTY FINANCE AND INVESTMENT | ||
| 942 | _n0 | ||
| 948 | _c04/03/1997 | ||
| 999 |
_c7033 _d7033 |
||